| 000 | 00724nam a2200229Ia 4500 | ||
|---|---|---|---|
| 003 | OSt | ||
| 005 | 20220926021017.0 | ||
| 006 | a|||||r|||| 00| 0 | ||
| 007 | ta | ||
| 008 | 220923b |||||||| |||| 00| 0 eng d | ||
| 037 | _cGeneral Book | ||
| 040 |
_aRTL _cRTL _beng |
||
| 041 |
_2eng _aeng |
||
| 082 | _aX415.5.N14<--L89, M3 | ||
| 100 |
_aO'Brien Patrick Ed. _9325589 |
||
| 245 | 0 | _aRailways and the economic development of Western Europe 1830-1914 | |
| 260 |
_aNew York _bSt. Martin's Press USA _c1983 |
||
| 300 |
_axiv,243p. Bibliography Chapterwise _ccm. |
||
| 650 |
_aGreat Britain _9245288 |
||
| 942 |
_hX415.5.N14<--L89, M3 _cGB _2CC |
||
| 999 |
_c635467 _d635467 |
||